Una Nueva sistematización jurídica de las propiedades especiales (Record no. 8916)

MARC details
000 -LEADER
campo de control de longitud fija 00964nam a2200253 i 4500
001 - NÚMERO DE CONTROL
campo de control 8916
003 - IDENTIFICADOR DE NÚMERO DE CONTROL
campo de control ES-MaACL
005 - FECHA Y HORA DE LA ÚLTIMA TRANSACCIÓN
campo de control 20230906145549.0
007 - CAMPO FIJO DE DESCRIPCIÓN FÍSICA--INFORMACIÓN GENERAL
campo de control de longitud fija t|
008 - DATOS DE LONGITUD FIJA--INFORMACIÓN GENERAL
campo de control de longitud fija 921112s1990 sp ||||1| spa d
020 ## - NÚMERO INTERNACIONAL ESTÁNDAR DEL LIBRO
Número Internacional Estándar del Libro 84-86133-78-5
080 ## - NÚMERO DE LA CLASIFICACIÓN DECIMAL UNIVERSAL
Número de la Clasificación Decimal Universal 347.78(094.46)
080 ## - NÚMERO DE LA CLASIFICACIÓN DECIMAL UNIVERSAL
Número de la Clasificación Decimal Universal 347.772(094.46)
080 ## - NÚMERO DE LA CLASIFICACIÓN DECIMAL UNIVERSAL
Número de la Clasificación Decimal Universal 347.247/9(094.46)
080 ## - NÚMERO DE LA CLASIFICACIÓN DECIMAL UNIVERSAL
Número de la Clasificación Decimal Universal 347.77(094.46)
100 1# - ENTRADA PRINCIPAL--NOMBRE DE PERSONA
Nombre de persona Rodríguez García, Carlos-Javier.
9 (RLIN) 98536
245 14 - MENCIÓN DEL TÍTULO
Título Una Nueva sistematización jurídica de las propiedades especiales
Resto del título : (propiedad de las aguas, propiedad de las minas, propiedad intelectual, propiedad industrial, patentes y marcas) /
Mención de responsabilidad, etc. Carlos-Javier Rodríguez García ; prólogo Manuel Albaladejo García.
260 ## - PUBLICACIÓN, DISTRIBUCIÓN, ETC.
Lugar de publicación, distribución, etc. Madrid :
Nombre del editor, distribuidor, etc. Dykinson,
Fecha de publicación, distribución, etc. 1990.
300 ## - DESCRIPCIÓN FÍSICA
Extensión 142 p. ;
Dimensiones 20 cm.
650 14 - PUNTO DE ACCESO ADICIONAL DE MATERIA--TÉRMINO DE MATERIA
Término de materia o nombre geográfico como elemento de entrada Derecho civil-
Subdivisión general Propiedades especiales.
9 (RLIN) 11670
650 14 - PUNTO DE ACCESO ADICIONAL DE MATERIA--TÉRMINO DE MATERIA
Término de materia o nombre geográfico como elemento de entrada Propiedades especiales (Derecho)
9 (RLIN) 16503
700 1# - ENTRADA AGREGADA--NOMBRE PERSONAL
Nombre de persona Albaladejo, Manuel.
9 (RLIN) 19218
852 ## - LOCALIZACIÓN
Ubicación ES-MaACL
Número de control de estantería L-16279
Sublocalización o colección R.120587
Holdings
Estatus retirado Estado de pérdida Estado de daño No para préstamo Biblioteca de origen Biblioteca actual Ubicación en estantería Fecha de adquisición Fuente de adquisición Total de préstamos Signatura topográfica completa Código de barras Visto por última vez Precio de reemplazo Tipo de ítem Koha
        Biblioteca del Ateneo de Madrid Biblioteca del Ateneo de Madrid Depósito 2 17/01/2008     L-16279 1009103 23/02/2023 23/02/2023 Libro impreso